Cuentos tropicales / (Registro nro. 137837)

Detalles MARC
000 -LEADER
campo de control de longitud fija 00710nam a2200241 4500
001 - NÚMERO DE CONTROL
campo de control 137837
003 - IDENTIFICADOR DE NÚMERO DE CONTROL
campo de control ES-MaACL
005 - FECHA Y HORA DE LA ÚLTIMA TRANSACCIÓN
campo de control 20230906195442.0
007 - CAMPO FIJO DE DESCRIPCIÓN FÍSICA--INFORMACIÓN GENERAL
campo de control de longitud fija t|
008 - DATOS DE LONGITUD FIJA--INFORMACIÓN GENERAL
campo de control de longitud fija 070214q1928 bo r ||||1| spa d
100 1# - ENTRADA PRINCIPAL--NOMBRE DE PERSONA
Nombre de persona Salmón Ballivian, José.
9 (RLIN) 102005
245 10 - MENCIÓN DEL TÍTULO
Título Cuentos tropicales /
Mención de responsabilidad, etc. José Salmón Ballivian.
260 ## - PUBLICACIÓN, DISTRIBUCIÓN, ETC.
Lugar de publicación, distribución, etc. La Paz :
Nombre del editor, distribuidor, etc. [s. n.,
Fecha de publicación, distribución, etc. 1928?] (
Fabricante Imp. Renacimiento)
300 ## - DESCRIPCIÓN FÍSICA
Extensión 207 p. ;
Dimensiones 21 cm.
500 ## - NOTA GENERAL
Nota general Contiene: El hombre de los bosques ; Yungas ; Santa Cruz ; Beni ; Acre ; Caupolicán.
740 0# - ENTRADA AGREGADA--TÍTULO RELACIONADO/ANALÍTICO NO CONTROLADO
Título relacionado o analítico no controlado El hombre de los bosques.
740 0# - ENTRADA AGREGADA--TÍTULO RELACIONADO/ANALÍTICO NO CONTROLADO
Título relacionado o analítico no controlado Yungas.
740 0# - ENTRADA AGREGADA--TÍTULO RELACIONADO/ANALÍTICO NO CONTROLADO
Título relacionado o analítico no controlado Santa Cruz.
740 0# - ENTRADA AGREGADA--TÍTULO RELACIONADO/ANALÍTICO NO CONTROLADO
Título relacionado o analítico no controlado Beni.
740 0# - ENTRADA AGREGADA--TÍTULO RELACIONADO/ANALÍTICO NO CONTROLADO
Título relacionado o analítico no controlado Acre.
740 0# - ENTRADA AGREGADA--TÍTULO RELACIONADO/ANALÍTICO NO CONTROLADO
Título relacionado o analítico no controlado Caupolicán.
852 ## - LOCALIZACIÓN
Ubicación ES-MaACL
Número de control de estantería A-4009
Existencias
Estatus retirado Estado de pérdida Estado de daño No para préstamo Biblioteca de origen Biblioteca actual Ubicación en estantería Fecha de adquisición Fuente de adquisición Total de préstamos Signatura topográfica completa Código de barras Visto por última vez Precio de reemplazo Tipo de ítem Koha
        Biblioteca del Ateneo de Madrid Biblioteca del Ateneo de Madrid Sala Pecera Planta 1 17/01/2008     A-4009 1143437 23/02/2023 23/02/2023 Libro impreso